[Event "Top Jeunes"]
[Site "Levallois-Perret"]
[Date "2010.11.20"]
[Round "1.1"]
[White "BARBARAS, Mathieu"]
[Black "FIGIEL, Alexis"]
[Result "1-0"]
[WhiteElo "2022"]
[BlackElo "1737"]
[PlyCount "45"]
[WhiteTeam "Bischwiller"]
[BlackTeam "Potemkine"]

1. e4 c6 2. d4 d5 3. Nc3 dxe4 4. Nxe4 Bf5 5. Ng3 Bg6 6.
Bc4 e6 7. N1e2 Nf6 8. h4 h6 9. Nf4 Bh7 10. Qe2 Qd6 11. c3 Be7 12. Be3 Nbd7 13.
O-O-O Nd5 14. Nd3 b5 15. Bb3 O-O 16. Nh5 N7f6 17. Nxf6+ Bxf6 18. g4 Nxe3 19.
Qxe3 Bxd3 20. Rxd3 g5 21. Qe4 Rfd8 22. Rf3 Be7 23. Bc2 1-0

[Event "Top-Jeunes"]
[Site "Levallois-Perret"]
[Date "2010.11.20"]
[Round "1.2"]
[White "SOK, Michael"]
[Black "WURTZ, Guillaume"]
[Result "0-1"]
[WhiteElo "1717"]
[BlackElo "1930"]
[PlyCount "112"]
[WhiteTeam "Potemkine"]
[BlackTeam "Bischwiller"]

1. d4 Nf6 2. c4 g6 3. Nc3 Bg7 4. Nf3 O-O 5. e4 d6 6. Bf4
Nbd7 7. Qd2 e5 8. dxe5 dxe5 9. Bh6 c6 10. Bxg7 Kxg7 11. Rd1 Qe7 12. Qd6 Qxd6
13. Rxd6 Nc5 14. Nxe5 Re8 15. f4 Nfxe4 16. Nxe4 Nxe4 17. Rd4 Nc5 18. Be2 Ne6
19. Re4 f5 20. Re3 Nxf4 21. O-O Nxe2+ 22. Rxe2 Be6 23. Rfe1 Kf6 24. Nd3 b6 25.
b3 Bf7 26. Ne5 Rac8 27. Nd7+ Kg7 28. Ne5 c5 29. Kf2 Re6 30. Kf3 Rce8 31. Kf4
R8e7 32. Kg5 Bg8 33. h4 h6+ 34. Kf4 Kf6 35. Nxg6 Rxe2 36. Nxe7 Rxe1 37. Nxg8+
Kg7 38. Nxh6 Kxh6 39. Kxf5 Kh5 40. g3 Rf1+ 41. Ke4 Kg4 42. Kd5 Kxg3 43. h5 Rh1
44. Kc6 Rxh5 45. Kb7 Rh7+ 46. Ka6 Kf4 47. a3 Ke5 48. b4 cxb4 49. axb4 Kd4 50.
b5 Rh5 51. Kxa7 Kxc4 52. Ka6 Rh3 53. Kb7 Kxb5 54. Kc7 Kc4 55. Kb7 b5 56. Ka7 b4
0-1

[Event "Top Jeunes"]
[Site "Levallois-Perret"]
[Date "2010.11.20"]
[Round "1.3"]
[White "BELLAHCENE, Bilel"]
[Black "LUTARD, Florian"]
[Result "1-0"]
[WhiteElo "2140"]
[BlackElo "1712"]
[PlyCount "107"]
[WhiteTeam "Bischwiller"]
[BlackTeam "Potemkine"]

1. d4 d5 2. c4 dxc4 3. Nf3 Nf6 4. e3 e6 5. Bxc4 c5 6. O-O
a6 7. a4 Nc6 8. Nc3 Be7 9. Qe2 O-O 10. Rd1 cxd4 11. exd4 Nb4 12. Bg5 Bd7 13.
Ne5 Rc8 14. Bb3 Bc6 15. Nxf7 Rxf7 16. Bxe6 Nbd5 17. Rac1 Rc7 18. Bxf6 Nxf6 19.
d5 Be8 20. Rd3 Bd6 21. Re1 Rce7 22. Re3 Kf8 23. Qd3 Qc7 24. h4 Bh2+ 25. Kh1 Bd6
26. R1e2 Bf4 27. Rf3 b5 28. g3 b4 29. Rxf4 bxc3 30. bxc3 Qd6 31. Bxf7 Rxf7 32.
c4 Bxa4 33. Re6 Qc5 34. Rxa6 Qb4 35. Ra8+ Be8 36. Qe3 Re7 37. Qf3 Qe1+ 38. Kg2
Qe2 39. d6 Qxf3+ 40. Rxf3 Rb7 41. g4 Kf7 42. g5 Bc6 43. gxf6 gxf6 44. Kg3 Bxf3
45. Kxf3 Rd7 46. c5 Ke6 47. Ke4 f5+ 48. Kd4 Rg7 49. Re8+ Kd7 50. Re7+ Rxe7 51.
dxe7 Kxe7 52. Kd5 Kd7 53. f4 Kc7 54. Ke5 1-0

[Event "Top Jeunes"]
[Site "Levallois-Perret"]
[Date "2010.11.20"]
[Round "1.4"]
[White "BALDI, Valentine"]
[Black "HOERDT, Audran"]
[Result "1-0"]
[WhiteElo "1624"]
[BlackElo "1587"]
[PlyCount "95"]
[WhiteTeam "Potemkine"]
[BlackTeam "Bischwiller"]

1. d4 Nf6 2. c4 c5 3. e3 g6 4. Nf3 Bg7 5. Be2 O-O 6. O-O
d6 7. Nc3 Nc6 8. d5 Nb4 9. a3 Na6 10. Re1 Bd7 11. Qc2 Qb6 12. Bd3 Bg4 13. Qe2
Nd7 14. Na4 Qa5 15. Bc2 Bxf3 16. gxf3 Ne5 17. Rd1 Nc7 18. f4 Nd7 19. Bd2 Qa6
20. Bc3 Bxc3 21. Nxc3 Nf6 22. e4 Nh5 23. f5 Kg7 24. b3 e5 25. dxe6 fxe6 26.
fxe6 Nxe6 27. Nb5 Nhf4 28. Qg4 Rad8 29. Rd2 Rf6 30. Rad1 Nf8 31. e5 Rf7 32.
Nxd6 Qxa3 33. Nxf7 Rxd2 34. Rxd2 Qc1+ 35. Qd1 Qxd1+ 36. Rxd1 Kxf7 37. Rd6 Ne2+
38. Kf1 Nd4 39. Be4 Nxb3 40. Bxb7 a5 41. Bd5+ Ke7 42. Ra6 Nd7 43. e6 Ne5 44.
Ra7+ Ke8 45. f4 Nxc4 46. Bc6+ Kf8 47. e7+ Kg8 48. e8=Q# 1-0

[Event "Top Jeunes"]
[Site "Levallois-Perret"]
[Date "2010.11.20"]
[Round "1.5"]
[White "PLUVINAGE, Jérôme"]
[Black "COMMERCON, Joachim"]
[Result "1-0"]
[WhiteElo "1486"]
[BlackElo "1615"]
[PlyCount "79"]
[WhiteTeam "Bischwiller"]
[BlackTeam "Potemkine"]

1. d4 d5 2. c4 c6 3. Nf3 e6 4. cxd5 cxd5 5. Nc3 Nc6 6.
Bf4 g6 7. e3 Bg7 8. Nb5 e5 9. Nxe5 Nxe5 10. Bxe5 Bxe5 11. dxe5 a6 12. Nd6+ Kf8
13. Qxd5 Be6 14. Qd2 b5 15. Be2 Ne7 16. O-O Nf5 17. Rfd1 Nxd6 18. Qxd6+ Kg7 19.
b3 Qxd6 20. exd6 Rhd8 21. Rac1 Ra7 22. e4 h5 23. e5 Kf8 24. Rc3 b4 25. Rc5 a5
26. Bb5 Kg7 27. Rdc1 Kh6 28. Rc7 Rxc7 29. Rxc7 f6 30. f4 g5 31. g3 gxf4 32.
gxf4 fxe5 33. fxe5 Rg8+ 34. Kf2 Rf8+ 35. Ke3 Bg4 36. Be2 Re8 37. Rc5 Kg6 38.
Bxg4 hxg4 39. d7 Rd8 40. e6 1-0

[Event "Top Jeunes"]
[Site "Levallois-Perret"]
[Date "2010.11.20"]
[Round "1.6"]
[White "LUTARD, Théo"]
[Black "SCHLEGEL, Nicolas"]
[Result "0-1"]
[WhiteElo "1630"]
[BlackElo "1600"]
[PlyCount "94"]
[WhiteTeam "Potemkine"]
[BlackTeam "Bischwiller"]

1. e4 e5 2. Nf3 Nc6 3. d4 exd4 4. Nxd4 Bc5 5. Nxc6 Qf6 6.
Qf3 bxc6 7. Bd3 Qxf3 8. gxf3 d5 9. Bf4 Bb6 10. c3 Be6 11. Nd2 Ne7 12. O-O-O O-O
13. Be3 dxe4 14. Bxe4 Ba5 15. Kc2 Nd5 16. Rhg1 Rfd8 17. h4 Nf6 18. Bg5 Nxe4 19.
fxe4 Re8 20. Bf6 g6 21. h5 Rab8 22. hxg6 fxg6 23. f4 Kf8 24. e5 Bb6 25. Rg3 a5
26. Rh1 Kg8 27. Kc1 a4 28. Ne4 Bf5 29. Ng5 h5 30. Rh2 Bc5 31. Nf3 Be3+ 32. Kd1
Bxf4 33. Rxh5 Rbd8+ 34. Ke2 Bd3+ 35. Kd1 Be4+ 36. Ke2 Bxf3+ 37. Rxf3 Rd2+ 38.
Ke1 gxh5 39. Rxf4 Rxb2 40. Rf2 Rxf2 41. Kxf2 Kf7 42. Kg3 Kg6 43. Kf4 Rb8 44.
Bh4 Rb2 45. e6 Rxa2 46. Ke3 Rb2 47. e7 Kf7 0-1

[Event "Top Jeunes"]
[Site "Levallois-Perret"]
[Date "2010.11.20"]
[Round "1.7"]
[White "KANTZER, Romain"]
[Black "EA, Thibault"]
[Result "0-1"]
[WhiteElo "1420"]
[BlackElo "1528"]
[PlyCount "158"]
[WhiteTeam "Bischwiller"]
[BlackTeam "Potemkine"]

1. e4 e6 2. d4 d5 3. e5 c5 4. c3 Qb6 5. Nf3 Nc6 6. Be2
Nge7 7. Na3 a6 8. Nc2 Nf5 9. O-O Be7 10. b3 O-O 11. Bb2 Bd7 12. h3 Qc7 13. Ba3
b6 14. Re1 Rfc8 15. Rc1 cxd4 16. Bxe7 Nfxe7 17. cxd4 b5 18. Nb4 Qb6 19. Nxc6
Rxc6 20. Rxc6 Qxc6 21. Qb1 Rc8 22. Bd3 g6 23. b4 Qc3 24. a4 Qa3 25. axb5 Bxb5
26. Bxb5 axb5 27. Nd2 Nf5 28. Nb3 Qxb4 29. Rd1 Rc3 30. Rd3 Rxd3 31. Qxd3 Qc4
32. Qd1 Ne7 33. Nd2 Qxd4 34. Qe2 b4 35. Nb3 Qc3 36. Qa2 Qe1+ 37. Kh2 Qxe5+ 38.
g3 Qc3 39. Qa8+ Qc8 40. Qxc8+ Nxc8 41. Kg2 Kg7 42. Kf1 Kf6 43. Ke2 Ke5 44. Ke3
Nb6 45. f4+ Kd6 46. Kd4 Nc4 47. g4 e5+ 48. fxe5+ Nxe5 49. Nd2 Nc6+ 50. Kd3 d4
51. Nb3 Kd5 52. g5 Ne5+ 53. Kd2 d3 54. h4 Nf3+ 55. Kxd3 Nxh4 56. Nd4 b3 57.
Nxb3 Nf3 58. Ke3 Nxg5 59. Nc1 h5 60. Ne2 f5 61. Kf4 Ne6+ 62. Kg3 g5 63. Ng1 h4+
64. Kg2 Nf4+ 65. Kh2 g4 66. Kh1 h3 67. Kh2 Ke4 68. Kg3 Ke3 69. Kh2 Ne2 70. Nxe2
Kxe2 71. Kg3 f4+ 72. Kh2 Kf3 73. Kg1 g3 74. Kh1 g2+ 75. Kg1 h2+ 76. Kxh2 Kf2
77. Kh3 g1=R 78. Kh4 Ke3 79. Kh5 f3 0-1

[Event "Top Jeunes"]
[Site "Levallois-Perret"]
[Date "2010.11.20"]
[Round "1.8"]
[White "BELLAHCENE, Meriem"]
[Black "ALARY, Antoine"]
[Result "1-0"]
[WhiteElo "1300"]
[BlackElo "1220"]
[PlyCount "51"]
[WhiteTeam "Bischwiller"]
[BlackTeam "Potemkine"]

1. e4 e5 2. Nf3 Nf6 3. d3 Nc6 4. Nc3 d5 5. Bg5 dxe4 6.
Bxf6 Qxf6 7. Nxe4 Qd8 8. Be2 Bf5 9. O-O Bxe4 10. dxe4 Qxd1 11. Raxd1 Bd6 12.
Bc4 O-O 13. Rd3 Nb4 14. Rc3 Nc6 15. Rd1 Rad8 16. h3 Bb4 17. Rxd8 Rxd8 18. Rb3
b6 19. Bb5 Rd6 20. Bxc6 Bc5 21. Bb5 c6 22. Bd3 b5 23. Nxe5 a5 24. a4 Bd4 25.
Nf3 bxa4 26. Rb8+ 1-0

[Event "Top Jeunes"]
[Site "Levallois-Perret"]
[Date "2010.11.20"]
[Round "1.9"]
[White "ALARY, Antoine"]
[Black "KANTZER, Romain"]
[Result "0-1"]
[WhiteElo "1220"]
[BlackElo "1420"]
[PlyCount "38"]
[WhiteTeam "Potemkine"]
[BlackTeam "Bischwiller"]

1. e4 e5 2. Nf3 Nc6 3. Bc4 Bc5 4. O-O Nf6 5. Nc3 d6 6. d3
Bg4 7. Be3 Bb6 8. Bxb6 axb6 9. Nb5 O-O 10. h3 Bh5 11. c3 d5 12. exd5 Nxd5 13.
d4 e4 14. Bxd5 Qxd5 15. Nxc7 Qd6 16. Nxa8 Rxa8 17. g4 exf3 18. gxh5 Qf6 19. Qd3
Qg5+ 0-1

[Event "Top Jeunes"]
[Site "Levallois-Perret"]
[Date "2010.11.20"]
[Round "1.10"]
[White "EA, Thibault"]
[Black "BELLAHCENE, Meriem"]
[Result "1-0"]
[WhiteElo "1528"]
[BlackElo "1300"]
[PlyCount "91"]
[WhiteTeam "Potemkine"]
[BlackTeam "Bischwiller"]

1. e4 e5 2. Nf3 Nc6 3. Bc4 Bc5 4. d3 Nf6 5. Nc3 O-O 6.
O-O h6 7. Nd5 Nxd5 8. Bxd5 d6 9. c3 Be6 10. Bxe6 fxe6 11. d4 exd4 12. cxd4 Bb6
13. d5 Ne5 14. Nxe5 dxe5 15. b3 Qh4 16. Qe2 Rae8 17. Be3 Ba5 18. Bc5 Rf7 19. b4
b6 20. Qb5 Rd8 21. Be3 Qxe4 22. bxa5 Rxd5 23. Qe8+ Rf8 24. Qxe6+ Kh8 25. Qe7
Rf6 26. axb6 Rg6 27. g3 axb6 28. Qxc7 b5 29. Rfe1 Qh4 30. Kh1 Qh3 31. Qf7 Rdd6
32. Qe8+ Kh7 33. Qxe5 Rdf6 34. Qxb5 Rf3 35. Qf1 Qh5 36. Qg2 Rgf6 37. a4 R3f5
38. g4 Rg6 39. gxh5 Rxg2 40. Kxg2 Rxh5 41. a5 Re5 42. a6 Re8 43. a7 Ra8 44.
Rab1 Re8 45. Rb8 Rxb8 46. axb8=Q 1-0

[Event "Top Jeunes"]
[Site "Levallois-Perret"]
[Date "2010.11.20"]
[Round "1.1"]
[White "VIENNOT, Dylan"]
[Black "LEMEILLE, François"]
[Result "1-0"]
[WhiteElo "2032"]
[BlackElo "2049"]
[PlyCount "87"]
[WhiteTeam "Mulhouse"]
[BlackTeam "Bois-Colombes"]

1. e4 c5 2. Nf3 d6 3. Bb5+ Nd7 4. O-O g6 5. c3 Bg7 6. d4
a6 7. Bc4 Nb6 8. Bxf7+ Kxf7 9. dxc5 Ke8 10. cxb6 Qxb6 11. h3 Nh6 12. Na3 Rf8
13. Nd4 Nf7 14. Nac2 Bd7 15. a4 Ne5 16. Ne3 e6 17. a5 Qc7 18. Qb3 Ke7 19. Rd1
Rab8 20. f4 Nc6 21. Nxc6+ bxc6 22. Qa3 e5 23. Nc4 exf4 24. Rxd6 c5 25. Rb6 Bb5
26. Rxb8 Rxb8 27. Nb6 Qd6 28. Bxf4 Be5 29. Nd5+ Ke8 30. Bxe5 Qxe5 31. Qxc5 Kf7
32. Qc7+ Qxc7 33. Nxc7 Bd3 34. b4 Rc8 35. Rd1 Bxe4 36. Rd7+ Kf6 37. Nxa6 Rxc3
38. Nc5 Rc1+ 39. Kh2 Ba8 40. Rd8 Rc4 41. Rxa8 Rxb4 42. a6 Rb5 43. a7 Ra5 44.
Rf8+ 1-0

[Event "Top Jeunes"]
[Site "Levallois-Perret"]
[Date "2010.11.20"]
[Round "1.2"]
[White "TRIBOULIN, Boyan"]
[Black "MESSINGER, Karl"]
[Result "0-1"]
[WhiteElo "1700"]
[BlackElo "1936"]
[PlyCount "138"]
[WhiteTeam "Bois Colombes"]
[BlackTeam "Mulhouse"]

1. d4 Nf6 2. c4 e6 3. Nc3 Bb4 4. Qc2 O-O 5. Bg5 h6 6. Bh4
Nc6 7. e3 d6 8. a3 Bxc3+ 9. Qxc3 e5 10. Bd3 Qe7 11. Ne2 a5 12. O-O g5 13. Bg3
Nh5 14. d5 Nb8 15. f4 Nd7 16. b4 b6 17. Bf5 exf4 18. exf4 axb4 19. Qxb4 Nc5 20.
Bxc8 Rfxc8 21. Qb2 Re8 22. Nd4 Nd3 23. Qd2 Qe4 24. Nb5 Qxc4 25. Nxc7 Nxg3 26.
hxg3 Qxc7 27. Qxd3 Qc5+ 28. Kh2 Ra5 29. fxg5 Re5 30. Qf3 Ra7 31. gxh6 Rxd5 32.
g4 Rg5 33. Rac1 Qe5+ 34. Kh1 Rg6 35. Qh3 Kh7 36. Qd3 Qg5 37. Qb3 Rxh6+ 38. Kg1
Kg7 39. Qxb6 Ra4 40. Qb3 Ra7 41. Qc3+ Kh7 42. Qd3+ Rg6 43. Rc3 Qxg4 44. Qh3+
Kg7 45. Qxg4 Rxg4 46. Rd3 Ra6 47. Rff3 Rg5 48. Kf2 d5 49. Rg3 Rxg3 50. Kxg3 Ra5
51. Kf4 Kf6 52. g4 Ra4+ 53. Kf3 Ke5 54. Ke3 f5 55. Kf3 d4 56. Kf2 Ke4 57. Ke2
Rc4 58. Kd2 Rc6 59. a4 Rh6 60. Ra3 Rh2+ 61. Kd1 d3 62. a5 Ke3 63. Kc1 Rh1+ 64.
Kb2 Ke2 65. Ra2 Rh7 66. Kc3+ Ke3 67. a6 d2 68. Ra1 Rc7+ 69. Kb2 Ke2 0-1

[Event "Top Jeunes"]
[Site "Levallois-Perret"]
[Date "2010.11.20"]
[Round "1.3"]
[White "HAUSSERNOT, Cécile"]
[Black "LAM ROQUES, Kalvin"]
[Result "0-1"]
[WhiteElo "2022"]
[BlackElo "1871"]
[PlyCount "112"]
[WhiteTeam "Mulhouse"]
[BlackTeam "Bois-Colombes"]

1. e4 c5 2. Nf3 d6 3. d4 cxd4 4. Nxd4 Nf6 5. Nc3 g6 6.
Be2 Bg7 7. Be3 Nc6 8. Qd2 O-O 9. O-O-O Bd7 10. h4 Qb8 11. h5 b5 12. hxg6 fxg6
13. Bh6 Nxd4 14. Qxd4 Qb6 15. Qd2 Be6 16. Bxg7 Kxg7 17. Qh6+ Kg8 18. e5 dxe5
19. Bd3 Rf7 20. Bxg6 Rg7 21. Be4 Rf8 22. f3 Qc5 23. g4 b4 24. Nd5 Bxd5 25.
Bxd5+ Nxd5 26. Qe6+ Rgf7 27. Rxd5 Qe3+ 28. Kb1 Qxf3 29. Rc1 Qf6 30. Rxe5 Qxe6
31. Rxe6 Rg7 32. b3 Rf4 33. g5 Rf5 34. Rg1 Rfxg5 35. Rxg5 Rxg5 36. Rxe7 a5 37.
Re4 h5 38. Rh4 Kg7 39. a3 bxa3 40. Ra4 Kg6 41. Ka2 Rf5 42. Kxa3 Kg5 43. Rd4 h4
44. Rd8 h3 45. c4 Kg4 46. Rg8+ Rg5 47. Rd8 h2 48. Rd1 Kh3 49. Rh1 Kg2 50. Rxh2+
Kxh2 51. b4 axb4+ 52. Kxb4 Kg3 53. c5 Kf4 54. c6 Rg7 55. Kb5 Ke5 56. Kb6 Kd6
0-1

[Event "Top Jeunes"]
[Site "Levallois-Perret"]
[Date "2010.11.20"]
[Round "1.4"]
[White "JOUDELAT, Noémie"]
[Black "DEVOLLA, Hugo"]
[Result "1-0"]
[WhiteElo "1775"]
[BlackElo "1753"]
[PlyCount "113"]
[WhiteTeam "Bois Colombes"]
[BlackTeam "Mulhouse"]

1. e4 c5 2. Nf3 e6 3. d4 cxd4 4. Nxd4 Nc6 5. Nc3 Qc7 6.
Be3 a6 7. h3 Nf6 8. a3 Be7 9. g4 d6 10. Bg2 Ne5 11. f4 Nc4 12. Qc1 Nd7 13. g5
b5 14. f5 Nxe3 15. Qxe3 e5 16. Nde2 Nb6 17. b3 Bb7 18. h4 f6 19. Bf3 O-O-O 20.
Rc1 Kb8 21. a4 d5 22. exd5 Nxd5 23. Nxd5 Bxd5 24. Bxd5 Rxd5 25. axb5 Rxb5 26.
c4 Bb4+ 27. Nc3 Ra5 28. Ke2 Bxc3 29. Qxc3 Ra2+ 30. Rc2 Rxc2+ 31. Qxc2 Qc6 32.
Rg1 Re8 33. Rg4 fxg5 34. hxg5 h6 35. gxh6 Qxh6 36. Qe4 Qh2+ 37. Rg2 Qh5+ 38.
Kf2 Qh6 39. Rg6 Qd2+ 40. Kg3 Qc3+ 41. Qf3 Qe1+ 42. Qf2 Qc3+ 43. Kg2 Qd4 44.
Rxg7 Qxf2+ 45. Kxf2 Rf8 46. Rg5 Kc7 47. Ke3 Re8 48. f6 Rf8 49. Rf5 Kd6 50. Ke4
Re8 51. f7 Rf8 52. Rf6+ Ke7 53. Kxe5 Rxf7 54. Rxf7+ Kxf7 55. Kd6 Ke8 56. Kc7 a5
57. c5 1-0

[Event "Top Jeunes"]
[Site "Levallois-Perret"]
[Date "2010.11.20"]
[Round "1.5"]
[White "GUERRY, Emilien"]
[Black "GUERLACH, Keigo"]
[Result "0-1"]
[WhiteElo "1640"]
[BlackElo "1639"]
[PlyCount "102"]
[WhiteTeam "Mulhouse"]
[BlackTeam "Bois-Colombes"]

1. e4 e5 2. Nf3 Nf6 3. d4 Nxe4 4. dxe5 Nc5 5. Nc3 Nc6 6.
Bc4 Be7 7. O-O O-O 8. Re1 d6 9. h3 dxe5 10. Qxd8 Rxd8 11. Nxe5 Nxe5 12. Rxe5
Be6 13. Bxe6 Nxe6 14. Re2 Rd7 15. Be3 a6 16. Rd2 Rad8 17. Rad1 Rxd2 18. Rxd2
Rxd2 19. Bxd2 c6 20. Ne4 Kf8 21. Be3 Nc7 22. c4 Ne8 23. Bf4 Nf6 24. Nd6 Bxd6
25. Bxd6+ Ke8 26. Bc5 Kd7 27. Bd4 Ke6 28. b4 g6 29. f3 Nd7 30. Kf2 Ne5 31. Bxe5
Kxe5 32. Ke3 g5 33. g3 f6 34. a3 b6 35. a4 b5 36. axb5 axb5 37. c5 Kd5 38. Kd3
f5 39. Kc3 h5 40. Kd3 Ke5 41. Kc3 h4 42. g4 fxg4 43. fxg4 Ke4 44. Kd2 Kd4 45.
Ke2 Kc4 46. Kf3 Kxb4 47. Ke4 Kxc5 48. Kf5 b4 49. Kxg5 b3 50. Kh6 b2 51. g5 b1=Q
0-1

[Event "Top Jeunes"]
[Site "Levallois-Perret"]
[Date "2010.11.20"]
[Round "1.6"]
[White "BONNIN, Rémi"]
[Black "HUG, Roxana"]
[Result "0-1"]
[WhiteElo "1360"]
[BlackElo "1560"]
[PlyCount "121"]

1. e4 c5 2. Bc4 Nc6 3. Nf3 g6 4. d3 Bg7 5. Nc3 a6 6. Bd5
e6 7. Bxc6 bxc6 8. Be3 d6 9. O-O Ne7 10. d4 cxd4 11. Nxd4 O-O 12. Bg5 Bb7 13.
Qd3 Qc7 14. Rad1 Nc8 15. f4 a5 16. Qd2 Ba6 17. Rf3 Nb6 18. b3 h6 19. Bh4 Nd7
20. Rf2 e5 21. fxe5 Nxe5 22. h3 Rac8 23. Bg3 Bb7 24. Nf3 Rcd8 25. Nxe5 dxe5 26.
Qe1 Qe7 27. Rfd2 Qc5+ 28. Bf2 Qe7 29. Bb6 Rxd2 30. Rxd2 h5 31. Qd1 Qb4 32. Na4
Qb5 33. Rd7 Qa6 34. c4 Bh6 35. Qd3 h4 36. Kf1 Bg7 37. Kf2 Kh7 38. Rd8 Rxd8 39.
Qxd8 Qa8 40. Qxa8 Bxa8 41. Kf3 Kg8 42. Kg4 f6 43. Bc7 g5 44. Nc5 Kf7 45. Kf5
Bh8 46. Na6 Bb7 47. Kg4 Bxa6 48. Bxa5 Bc8+ 49. Kf3 Ke6 50. Bc7 f5 51. exf5+
Kxf5 52. a4 Ke6 53. Ke4 Bf6 54. b4 Bb7 55. c5 Ba6 56. Bb8 Bf1 57. a5 Bxg2+ 58.
Ke3 Bg7 59. Bc7 g4 60. Ke2 gxh3 61. Kf2 0-1

[Event "Top Jeunes"]
[Site "Levallois-Perret"]
[Date "2010.11.20"]
[Round "1.7"]
[White "BURRI, Quentin"]
[Black "ARIZA, Thomas"]
[Result "1-0"]
[WhiteElo "1720"]
[BlackElo "1670"]
[PlyCount "93"]
[WhiteTeam "Mulhouse"]
[BlackTeam "Bois-Colombes"]

1. d4 d5 2. c4 c6 3. Nc3 Nf6 4. Bg5 e6 5. e3 Bd6 6. Nf3 Nbd7 7. Qc2 O-O 8. Bd3
h6 9. Bh4 Re8 10. O-O b6 11. cxd5 exd5 12. Ne2 Qc7 13. Rac1 Bb7 14. Bg3 Rac8
15. Bxd6 Qxd6 16. Ng3 c5 17. Qa4 a5 18. Bb5 Bc6 19. Bxc6 Rxc6 20. Rfd1 Rec8 21.
dxc5 Nxc5 22. Qb5 Qe7 23. a3 Qe8 24. Nd4 Rd6 25. Ngf5 Rd7 26. Qxb6 Nb7 27.
Nxh6+ Kh7 28. Nhf5 Ne4 29. Rxc8 Qxc8 30. b4 axb4 31. Qxb4 Rc7 32. Qe1 g6 33.
Ng3 Nf6 34. Nf3 Rc5 35. Ne2 Ne8 36. Nf4 Nf6 37. Ng5+ Kg7 38. Qd2 Na5 39. h3 Nb3
40. Qb4 Na5 41. Qb6 Nb7 42. Rb1 Rc1+ 43. Rxc1 Qxc1+ 44. Kh2 Nc5 45. Qc7 Qc2 46.
Qxf7+ Kh8 47. Nxg6+ 1-0

[Event "Top Jeunes"]
[Site "Levallois-Perret"]
[Date "2010.11.20"]
[Round "1.8"]
[White "RAMBEAUX, Solène"]
[Black "PHAM, Arthur"]
[Result "0-1"]
[WhiteElo "1480"]
[BlackElo "1009"]
[PlyCount "60"]
[WhiteTeam "Mulhouse"]
[BlackTeam "Bois-Colombes"]

1. d4  Nf6 2. Nf3 e6 3. c4 d5 4. g3 c5 5.
e3 cxd4 6. exd4 Nc6 7. Qc2 Bb4+ 8. Bd2 Bxd2+ 9. Qxd2 b6 10. Qc3 Bb7 11. Bg2
dxc4 12. Qxc4 Nxd4 13. Nxd4 Bxg2 14. Rg1 Bd5 15. Qb5+ Qd7 16. Qb4 Rc8 17. Qd2
O-O 18. Nc3 Bc4 19. b3 Ba6 20. f3 e5 21. Nde2 Qxd2+ 22. Kxd2 Bxe2 23. Nxe2 e4
24. fxe4 Nxe4+ 25. Ke1 Rc2 26. h4 Re8 27. Kf1 Nf6 28. Rg2 Ng4 29. Rg1 Rexe2 30.
a4 Ne3# 0-1

[Event "Top Jeunes"]
[Site "Levallois-Perret"]
[Date "2010.11.20"]
[Round "1.9"]
[White "ARIZA, Thomas"]
[Black "RAMBEAUX, Solène"]
[Result "1-0"]
[WhiteElo "1670"]
[BlackElo "1480"]
[PlyCount "66"]
[WhiteTeam "Bois-Colombes"]
[BlackTeam "Mulhouse"]

1. e4 c5 2. Nf3 d6 3. d4 cxd4 4. Nxd4 Nf6 5. Nc3 g6 6.
Be2 Bg7 7. Be3 O-O 8. O-O Nc6 9. Qc1 Bd7 10. Rd1 Bg4 11. f3 Bd7 12. Nxc6 bxc6
13. Rb1 c5 14. e5 Ne8 15. exd6 exd6 16. Bh6 Qh4 17. Bg5 Qb4 18. Bf6 Bxf6 19.
Nd5 Qb7 20. Nxf6+ Nxf6 21. Rxd6 Kg7 22. Qe3 Rfe8 23. Qd2 Re7 24. Bc4 Rae8 25.
Qc3 Re6 26. Bxe6 Rxe6 27. Rxe6 Bxe6 28. a3 c4 29. g4 Qb6+ 30. Kg2 Qd6 31. g5
Qd5 32. gxf6+ Kh6 33. Qe3+ g5 1-0

[Event "Top Jeunes"]
[Site "Levallois-Perret"]
[Date "2010.11.20"]
[Round "1.10"]
[White "PHAM, Arthur"]
[Black "BURRI, Quentin"]
[Result "0-1"]
[WhiteElo "1009"]
[BlackElo "1720"]
[PlyCount "74"]
[WhiteTeam "Bois-Colombes"]
[BlackTeam "Mulhouse"]

1. e4 c5 2. Nf3 d6 3. Bc4 Nc6 4. Nc3 Nf6 5. d3 Bg4 6. h3
Bh5 7. Be3 e6 8. Bg5 Be7 9. Qe2 O-O 10. O-O-O Nd4 11. Qe3 Nxf3 12. gxf3 Nd5 13.
Bxe7 Nxe3 14. Bxd8 Nxd1 15. Nxd1 Rfxd8 16. Ne3 Bxf3 17. Rg1 a6 18. Rg3 Bh5 19.
Ng4 Bxg4 20. Rxg4 b5 21. Bb3 d5 22. exd5 exd5 23. c4 dxc4 24. dxc4 b4 25. Rg5
Rac8 26. Ba4 Rd3 27. Kc2 Rf3 28. Rg2 Rc7 29. Kd2 Rxh3 30. f4 Rf3 31. Re2 h5 32.
Bc2 g6 33. f5 g5 34. f6 Rxf6 35. Re8+ Kg7 36. Ke3 Re6+ 37. Rxe6 fxe6 0-1

[Event "Top Jeunes"]
[Site "Niort"]
[Date "2010.11.21"]
[Round "2.1"]
[White "Kirk, Ezra"]
[Black "Macon, Arthur"]
[Result "1/2-1/2"]
[WhiteElo "2127"]
[BlackElo "1981"]
[PlyCount "24"]
[EventDate "2010.??.??"]
[WhiteTeam "Clichy"]
[BlackTeam "Niort"]

1. d4 Nf6 2. c4 e6 3. Nc3 Bb4 4. Qc2 d5 5. Nf3 c5 6. cxd5 exd5 7. Bg5 Nc6 8. e3
cxd4 9. Nxd4 Nxd4 10. exd4 O-O 11. Be2 h6 12. Bxf6 Qxf6 1/2-1/2

[Event "Top Jeunes"]
[Site "Niort"]
[Date "2010.11.21"]
[Round "2.2"]
[White "Leriche, Luc"]
[Black "Eid, Maha"]
[Result "1/2-1/2"]
[WhiteElo "1968"]
[BlackElo "2067"]
[PlyCount "75"]
[EventDate "2010.??.??"]
[WhiteTeam "Niort"]
[BlackTeam "Clichy"]

1. e4 c5 2. Nf3 e6 3. g3 Nc6 4. Bg2 Nge7 5. O-O d5 6. exd5 Nxd5 7. d4 Be7 8.
Nc3 Nxc3 9. bxc3 O-O 10. Be3 Qa5 11. Qd2 Rd8 12. Rfd1 cxd4 13. cxd4 Bb4 14. Qd3
h6 15. a3 Be7 16. c4 Bf6 17. Bd2 Qc7 18. Bc3 Na5 19. Nd2 Bd7 20. Rac1 Ba4 21.
Re1 Rac8 22. c5 Nb3 23. Nxb3 Bxb3 24. Qd2 Qd7 25. Qb2 Bd5 26. Bxd5 Qxd5 27.
Rcd1 Rd7 28. Rd3 Rc6 29. Red1 Kf8 30. Qb4 Ke8 31. Qb2 Ra6 32. f3 Ra4 33. Kf2
Qc6 34. Kg2 Qd5 35. Kf2 Bd8 36. Kg2 Ra6 37. Re1 Bc7 38. Rc1 1/2-1/2

[Event "Top Jeunes"]
[Site "Niort"]
[Date "2010.11.21"]
[Round "2.3"]
[White "Kambrath, Yannick"]
[Black "Habiballah, Anass"]
[Result "1-0"]
[WhiteElo "2044"]
[BlackElo "1520"]
[PlyCount "71"]
[EventDate "2010.??.??"]
[WhiteTeam "Clichy"]
[BlackTeam "Niort"]

1. d4 d5 2. c4 e6 3. Nc3 c6 4. Nf3 Bd6 5. e3 f5 6. Bd3 Nf6 7. O-O O-O 8. Rb1 a5
9. a3 Ne4 10. Qc2 b6 11. b4 axb4 12. axb4 Nd7 13. b5 Nxc3 14. Qxc3 cxb5 15.
cxd5 exd5 16. Qc6 Bxh2+ 17. Nxh2 Ra7 18. Qxd5+ Kh8 19. Bxb5 Qg5 20. Nf3 Qg6 21.
Ne5 Nxe5 22. Qxe5 f4 23. Rb2 f3 24. Qg3 Qh5 25. Bc6 Bg4 26. Rb5 Qg6 27. Bxf3
Qd3 28. Rxb6 Bxf3 29. Qxf3 Raf7 30. Qxf7 Rg8 31. d5 Qc3 32. Bb2 Qc8 33. Rb7 Qf8
34. Qxf8 Rxf8 35. Bxg7+ Kg8 36. Bxf8 1-0

[Event "Top Jeunes"]
[Site "Niort"]
[Date "2010.11.21"]
[Round "2.4"]
[White "Chauvet, Etienne"]
[Black "Eid, Amine"]
[Result "0-1"]
[WhiteElo "1520"]
[BlackElo "1917"]
[PlyCount "102"]
[EventDate "2010.??.??"]
[WhiteTeam "Niort"]
[BlackTeam "Clichy"]

1. e4 c5 2. Nc3 Nc6 3. g3 g6 4. Bg2 Bg7 5. d3 d6 6. f4 e6 7. Nf3 Nge7 8. O-O
O-O 9. Be3 Rb8 10. a4 a6 11. Qd2 b5 12. axb5 axb5 13. Nd1 f5 14. c3 Na5 15. Ra2
fxe4 16. dxe4 Nc4 17. Qd3 Nxe3 18. Nxe3 d5 19. e5 Qb6 20. Kh1 Nc6 21. Rfa1 c4
22. Qd2 Rd8 23. Nd4 Bf8 24. Nxc6 Qxc6 25. Nc2 Bc5 26. Nd4 Qb6 27. Ra5 Bxd4 28.
Qxd4 Qxd4 29. cxd4 b4 30. Rc5 Bd7 31. Bh3 Rdc8 32. Rxc8+ Rxc8 33. Kg2 c3 34.
bxc3 bxc3 35. Kf2 c2 36. Rc1 Ba4 37. Bf1 Rb8 38. Bd3 Rb4 39. Ke3 Kg7 40. Bxc2
Rc4 41. Kd3 Kf7 42. g4 Ke7 43. h4 Kf7 44. h5 gxh5 45. gxh5 h6 46. Kd2 Rxd4+ 47.
Bd3 Bb5 48. Rc3 Bxd3 49. Rxd3 Rxf4 50. Rh3 Rf5 51. Kd3 Rxe5 0-1